00448cam a22001337a 4500008004000000082001500040100001400055245007200069260002700141300001000168650003100178999001900209952008600228180718b1995 xxu||||| |||| 00| 0 eng d aA6x54 V44f aVas, E.A. aFools and infantrymen: one view of history (1923-1993)cby E.A. Vas aMeerutbKarikeyac1995 a297p. aIndia - History, 1923-1993 c378638d378638 00104070aIIPAbIIPAd1996-03-25oA6x54 V44fp70111r2018-07-21w2018-07-21yBK